<?xml version="1.0" encoding="UTF-8"?>
<marc:record xmlns:marc="http://www.loc.gov/MARC21/slim">
   <marc:leader>00000nam a2200000 a 4500</marc:leader>
   <marc:datafield ind1="1" ind2=" " tag="100">
      <marc:subfield code="a">Holbe, Julia</marc:subfield>
      <marc:subfield code="4">aut</marc:subfield>
      <marc:subfield code="e">Verfasser/-in</marc:subfield>
   </marc:datafield>
   <marc:datafield ind1=" " ind2=" " tag="653">
      <marc:subfield code="a">Erzählende Literatur</marc:subfield>
   </marc:datafield>
   <marc:datafield ind1="0" ind2="0" tag="245">
      <marc:subfield code="a">Unsere glücklichen Tage</marc:subfield>
   </marc:datafield>
   <marc:datafield ind1="0" ind2="0" tag="245">
      <marc:subfield code="b">Roman</marc:subfield>
   </marc:datafield>
   <marc:datafield ind1="0" ind2="0" tag="245">
      <marc:subfield code="c">Holbe, Julia</marc:subfield>
   </marc:datafield>
   <marc:datafield ind1=" " ind2="1" tag="264">
      <marc:subfield code="a">München</marc:subfield>
      <marc:subfield code="b">Penguin</marc:subfield>
      <marc:subfield code="c">2020</marc:subfield>
   </marc:datafield>
   <marc:datafield ind1="1" ind2=" " tag="520">
      <marc:subfield code="a">Dieser eine Sommer, der alles veränderte.&#xD;
 Lenica, Marie, Fanny und Elsa. Vier Freundinnen verbringen nicht endende Sommer am französischen Atlantik. Wie ein Versprechen liegt die Zukunft vor ihnen, sie sind so ausgelassen und unbeschwert, dass sie gar nicht merken, wie das Leben seine Weichen stellt. Als sie sich viele Jahre später wiedersehen, erkennen sie, dass ihre Träume und Sehnsüchte sie noch immer wie eine unsichtbare Kraft verbinden. Trotz allem, was geschehen ist, seit jenem Abend, an dem Lenica Sean mitbrachte. &#xD;
&#xD;
 &#xD;
Atemberaubend emotional erzählt Julia Holbe von den wirklich wichtigen Dingen des Lebens: von Liebe und Freundschaft, von Zufall und Schicksal, von Schuld und Verrat; und davon, dass wir die Vergangenheit immer nur so erinnern, wie wir sie haben wollen.</marc:subfield>
   </marc:datafield>
   <marc:datafield ind1=" " ind2=" " tag="020">
      <marc:subfield code="a">9783328601104</marc:subfield>
      <marc:subfield code="9">9783328601104</marc:subfield>
   </marc:datafield>
   <marc:datafield ind1=" " ind2=" " tag="020">
      <marc:subfield code="a">3328601104</marc:subfield>
      <marc:subfield code="9">3328601104</marc:subfield>
   </marc:datafield>
   <marc:datafield ind1=" " ind2=" " tag="041">
      <marc:subfield code="a">ger</marc:subfield>
   </marc:datafield>
   <marc:datafield ind1=" " ind2=" " tag="338">
      <marc:subfield code="a">Band</marc:subfield>
   </marc:datafield>
   <marc:datafield ind1=" " ind2=" " tag="300">
      <marc:subfield code="a">320 Seiten</marc:subfield>
   </marc:datafield>
</marc:record>
